| 000 | 01089cpcaa2200277 a 4500 | ||
|---|---|---|---|
| 001 | mm 79003458 | ||
| 003 | DLC | ||
| 005 | 20260227111643.0 | ||
| 008 | 791113|||||||||||| eng | ||
| 010 | _amm 79003458 | ||
| 040 |
_aDLC _cDLC _edacs _dDLC |
||
| 072 | 7 |
_aL _2lcmd |
|
| 100 | 1 | _aSeidenberg, Oscar. | |
| 245 | 0 | 0 |
_aOscar Seidenberg correspondence and poem, _fundated. |
| 300 |
_a2 _fitems. |
||
| 506 | 0 | _aOpen to research. | |
| 545 | 0 | _aPoet. | |
| 520 | 8 | _aTLS, written in verse by Seidenberg, addressed to Franklin D. Roosevelt and signed typescript of an ode to Roosevelt by Seidenberg. | |
| 546 | _aCollection material in English. | ||
| 580 | _aForms part of: Miscellaneous Manuscripts collection. | ||
| 600 | 1 | 0 |
_aRoosevelt, Franklin D. _q(Franklin Delano), _d1882-1945 _vCorrespondence. |
| 600 | 1 | 0 |
_aRoosevelt, Franklin D. _q(Franklin Delano), _d1882-1945 _vPoetry. |
| 656 | 7 |
_aPoets. _2itoamc |
|
| 999 |
_c41333 _d41333 |
||